Logistika

Gespeichert in:
Bibliographische Detailangaben
Hauptverfasser: Stern, Juraj (Verfasst von), Dupaľ, Andrej (Verfasst von)
Format: Buch
Sprache:Slowakisch
Veröffentlicht: Bratislava : Ekonóm, 1999
Ausgabe:1. vyd.
Schlagworte:
Tags: Tag hinzufügen
Keine Tags, Fügen Sie das erste Tag hinzu!

MARC

LEADER 00000nam a22000003a 4500
001 stu74629
005 20150617225646.7
008 020306s1999----xo------------------slo-d
020 |a 80-225-1142-0 
040 |a STU  |b slo 
041 0 |a slo 
044 |a xo 
080 |a 65.012.34 
080 |a 658.7 
100 1 |a Stern, Juraj  |4 aut 
245 1 |a Logistika 
250 |a 1. vyd. 
260 |a Bratislava :  |b Ekonóm,  |c 1999 
300 |a 161 s 
650 7 |a logistika  |2 stusub 
700 1 |a Dupaľ, Andrej  |4 aut 
996 |b 284M034947  |c M*10871-1  |l MMKN  |s A  |a 24  |w stu74629_0001